| 000 | 00429nam a22001457a 4500 | ||
|---|---|---|---|
| 082 | _aP-23 | ||
| 100 |
_aCapt Muhammad Imtanan Babar _948295 |
||
| 245 | _aTechnical consideration and techniques of heart insulation and water proofing of building/ | ||
| 260 |
_aRisalpur: _bMCE _cc2000 |
||
| 300 |
_ax, 176p _bill,: _c26cm |
||
| 526 |
_a0 _b0 _c0 _dP_23 |
||
| 650 | _aProject | ||
| 700 |
_aMubashar A. Khan _948296 |
||
| 942 |
_2ddc _cBK |
||
| 999 |
_c551285 _d551285 |
||